[Event "Challenge"]
[Site "http://www.queenalice.com/game.php?id=548162"]
[Date "2009.2.28"]
[Round "-"]
[White "Givanildo"]
[Black "acauaferreira"]
[Result "1-0"]
[WhiteElo "1489"]
[BlackElo "1100"]

1. e4 e6 2. g4 b5 3. b4 Bb7 4. f3 d5 5. e5 a6 6. h4 Bxb4 7. c3 Ba5 8. Ba3 Qc8 9.
g5 c5 10. h5 Ne7 11. f4 d4 12. c4 Bxh1 13. g6 fxg6 14. Nf3 gxh5 15. Ng5 bxc4 16.
Qxh5+ g6 17. Qxh1 Nd5 18. f5 gxf5 19. Qh5+ Ke7 20. Qf7+ Kd8 21. Nxe6+ Qxe6 22.
Qxe6 c3 23. Qxd5+ Kc8 24. Qxa8 cxd2+ 25. Nxd2 Re8 26. Bxa6+ Kd7 27. Bb5+ Ke7 28.
Bxc5+ Kf7 29. Qd5+ Kg6 30. Bxe8+ Kg5 31. Qg2+ Kf4 32. Bxd4 Nc6 33. Qf3+ Kg5 34.
Qxc6 Kg4 35. Ke2 f4 36. Rg1+ Kh3 37. Qh6# 1-0

[Event "Challenge"]
[Site "http://www.queenalice.com/game.php?id=548174"]
[Date "2009.2.28"]
[Round "-"]
[White "acauaferreira"]
[Black "nekaun"]
[Result "0-1"]
[WhiteElo "1277"]
[BlackElo "1439"]

1. d4 d5 2. Na3 e6 3. c4 Nf6 4. Nf3 Bxa3 5. Qa4+ c6 6. Qxa3 dxc4 7. Bf4 Nd5 8.
Qa4 Nxf4 9. e3 Nd5 10. Bxc4 Nb6 11. Qb4 Na6 12. Bxa6 bxa6 13. Ne5 Nd5 14. Qc5 f6
15. Qxc6+ Bd7 16. Qxa6 fxe5 17. dxe5 Qb6 18. Qxb6 Nxb6 19. O-O O-O 20. f4 Nd5
21. Rfd1 Ba4 22. b3 Bb5 23. a4 Bc6 24. Rac1 Rfc8 25. Rc5 Nxe3 26. Re1 Nf5 27. g4
Nh4 28. f5 exf5 29. gxf5 Nxf5 30. e6 Nd6 31. Rd1 Ne4 32. Rc4 Nf6 33. h4 Bf3 34.
e7 Bxd1 35. Rf4 Rc6 36. Rd4 Re8 37. Rd8 Re6 38. Rxd1 R6xe7 39. b4 Ng4 40. Kf1
Rf8+ 41. Kg2 Re3 42. b5 Rf2+ 43. Kg1 Rg3+ 44. Kh1 Rh2# 0-1

[Event "Challenge  night"]
[Site "http://www.queenalice.com/game.php?id=548175"]
[Date "2009.2.28"]
[Round "-"]
[White "acauaferreira"]
[Black "pauldavidkrewson"]
[Result "1-0"]
[WhiteElo "1247"]
[BlackElo "1505"]

1. f4 e5 2. fxe5 d5 3. d4 c6 4. Nf3 f6 5. Nc3 Be6 6. Qd3 Nd7 7. Bd2 f5 8. Ng5
Be7 9. Nxe6 Qb6 10. Na4 Qa6 11. Nc7+ Kd8 12. Nxa8 1-0

[Event "Challenge 2"]
[Site "http://www.queenalice.com/game.php?id=548702"]
[Date "2009.3.1"]
[Round "-"]
[White "acauaferreira"]
[Black "Givanildo"]
[Result "0-1"]
[WhiteElo "1095"]
[BlackElo "1487"]

1. c4 c5 2. Nc3 a6 3. e4 e5 4. b3 d6 5. Na4 Nf6 6. d3 Bg4 7. Be2 Bc8 8. Nf3 b5
9. cxb5 axb5 10. Nc3 b4 11. Nb5 d5 12. Nxe5 dxe4 13. dxe4 Bd6 14. Nxd6+ Kf8 15.
Bc4 Be6 16. Bd5 Ra6 17. Nb7 Qc7 18. Bxe6 fxe6 19. Nxc5 Rd6 20. Qf3 Qxc5 21. Nd3
Qc3+ 22. Ke2 Qxa1 23. e5 Qxa2+ 24. Nb2 Qa6+ 25. Nd3 Rc6 26. exf6 Rc2+ 27. Kd1
Rc7 28. fxg7+ Kxg7 29. Qg3+ Kf8 30. Qxc7 Qxd3+ 31. Bd2 Qxb3+ 32. Ke2 Qd5 33.
Qxb8+ Kg7 34. Qxb4 Qxg2 35. Rf1 Rf8 36. Be3 Qxh2 37. Kd2 Rd8+ 38. Bd4+ e5 39.
Qb7+ Kh8 40. Rd1 Rxd4+ 41. Ke2 Qh5+ 42. f3 Qh2+ 43. Ke3 Rxd1 44. Qb8+ Kg7 45.
Qb7+ Kh6 46. Qc6+ Kg5 47. Qe4 Qd2# 0-1

[Event "Let's Play Chess!"]
[Site "http://www.queenalice.com/game.php?id=548728"]
[Date "2009.3.1"]
[Round "-"]
[White "acauaferreira"]
[Black "fromback"]
[Result "1-0"]
[WhiteElo "1092"]
[BlackElo "1480"]

1. e4 Nc6 2. c4 Nf6 3. d3 e5 4. Be3 Nb4 5. Qd2 b6 6. Nf3 Bb7 7. a3 Nc6 8. b4 a5
9. b5 Na7 10. d4 Nxe4 11. Qd3 Nd6 12. dxe5 Ndc8 13. Nc3 d6 14. Rd1 c6 15. Be2 c5
16. Nd5 f6 17. e6 g6 18. Qc3 Bg7 19. Bd4 Ne7 20. Bxf6 Bxf6 21. Nxf6+ Kf8 22.
Nd7+ Ke8 23. Qxh8+ Ng8 24. Qxg8+ Ke7 25. Qxh7+ Kxe6 26. Ng5+ Qxg5 27. Nxc5+ Qxc5
28. Qxb7 Rf8 29. O-O Rf7 30. Bg4+ Kf6 31. Bd7 Kg5 32. Qxa7 Qxc4 33. Rxd6 Qf4 34.
Qxb6 Kh4 35. g3+ 1-0

[Event "Challenge"]
[Site "http://www.queenalice.com/game.php?id=550370"]
[Date "2009.3.4"]
[Round "-"]
[White "hehe"]
[Black "acauaferreira"]
[Result "0-1"]
[WhiteElo "1163"]
[BlackElo "1264"]

1. c4 e5 2. Nc3 c5 3. e4 d6 4. Nf3 Bd7 5. d4 exd4 6. Nd5 a5 7. Bg5 f6 8. Bxf6
Nxf6 9. e5 dxe5 10. Nxe5 Nxd5 11. cxd5 Qe7 12. Qe2 d3 13. Nxd3 Bb5 14. O-O-O c4
15. Nc5 Na6 16. Re1 Kd8 17. Ne6+ Kc8 18. g3 Qd7 19. Bh3 Bb4 20. Nf4 Bxe1 21.
Bxd7+ Kxd7 22. Qxe1 Nc5 23. Ne6 Nd3+ 24. Kd1 Nxe1 25. Rxe1 Kd6 26. Nf4 g5 27.
Re6+ Kd7 28. Nh5 Bc6 29. Nf6+ Kc7 30. dxc6 bxc6 31. Re4 Rhd8+ 0-1

[Event "AUTO-BEG-297"]
[Site "http://www.queenalice.com/game.php?id=551149"]
[Date "2009.3.6"]
[Round "1"]
[White "Melzer"]
[Black "acauaferreira"]
[Result "1-0"]
[WhiteElo "1582"]
[BlackElo "1253"]

1. d4 d5 2. c4 dxc4 3. e3 f5 4. Bxc4 e5 5. Qb3 Nf6 6. dxe5 Ne4 7. Bf7+ Ke7 8.
Bg8 Qd7 9. Qf7+ Kd8 10. Qxf8+ Qe8 11. Qxe8+ Kxe8 12. Bb3 Nc6 13. Nf3 Nc5 14. Bc4
Nb4 15. Na3 Be6 16. Nd4 Rd8 17. Nxe6 Ncd3+ 18. Ke2 Rd7 19. Bd2 f4 20. exf4 Nxb2
21. Bxb4 h5 22. Bb3 Nd3 23. Nxc7+ Kd8 24. Ne6+ Kc8 25. Bd6 Nb2 26. Rac1+ Nc4 27.
Rxc4+ Rc7 28. Rxc7+ Kb8 29. Bd5 Rc8 30. Rxg7+ Ka8 31. Bxb7# 1-0

[Event "AUTO-BEG-297"]
[Site "http://www.queenalice.com/game.php?id=551150"]
[Date "2009.3.6"]
[Round "1"]
[White "acauaferreira"]
[Black "Melzer"]
[Result "0-1"]
[WhiteElo "1264"]
[BlackElo "1840"]

1. g4 d5 2. Bg2 e5 3. g5 Nc6 4. Nc3 Be6 5. h4 h5 6. a4 Nge7 7. Bh3 Ng6 8. a5
Bxh3 9. Rxh3 a6 10. d3 Qd7 11. e3 Bb4 12. e4 d4 13. Bd2 dxc3 14. bxc3 Bd6 15. d4
exd4 16. cxd4 Nxd4 17. Bc3 Ne6 18. Qd5 Nef4 19. Rf3 Nxd5 20. exd5 Nxh4 0-1

[Event "AUTO-BEG-343"]
[Site "http://www.queenalice.com/game.php?id=659959"]
[Date "2009.9.29"]
[Round "1"]
[White "okty2k"]
[Black "acauaferreira"]
[Result "1-0"]
[WhiteElo "1206"]
[BlackElo "1194"]

1. e4 e5 2. Nf3 d6 3. h3 c5 4. Bb5+ Bd7 5. Qe2 Nc6 6. c4 Nb4 7. d3 a6 8. Bxd7+
Qxd7 9. a3 Qa4 10. O-O Nc2 11. Nc3 Qb3 12. Rb1 Nd4 13. Nxd4 cxd4 14. Nd5 Nf6 15.
Nc7+ Kd7 16. Nxa8 d5 17. cxd5 Bxa3 18. Nb6+ Ke7 19. Nc4 Bd6 20. Bg5 b5 21. Nxd6
Kxd6 22. Bxf6 gxf6 23. g4 Rg8 24. Rfc1 h5 25. Rc6+ Kd7 26. Rxf6 hxg4 27. Rxf7+
Kd6 28. Rf6+ Ke7 29. Rxa6 gxh3+ 30. Kh2 Qb4 31. Qh5 Kf8 32. Qh6+ Rg7 33. Qxh3
Qd2 34. Qc8+ Kf7 35. Qc7+ Kg8 36. Qc8+ 1-0

[Event "AUTO-BEG-343"]
[Site "http://www.queenalice.com/game.php?id=659969"]
[Date "2009.9.29"]
[Round "1"]
[White "acauaferreira"]
[Black "GrandpaRichard"]
[Result "0-1"]
[WhiteElo "1256"]
[BlackElo "1159"]

1. e4 Nc6 2. d4 e6 3. Nc3 Nf6 4. d5 Nb8 5. Bg5 c6 6. d6 h6 7. e5 hxg5 8. exf6
Qxf6 9. Ne4 Qxb2 10. Nxg5 Qe5+ 11. Be2 Qxg5 12. Qd2 Qe5 13. c3 Bxd6 14. Nf3 Qd5
15. c4 Qxd2+ 16. Nxd2 Be5 17. Rb1 Na6 18. O-O Nc5 19. f4 Bd4+ 20. Kh1 a6 21.
Rbd1 b5 22. Nb3 Nxb3 23. axb3 c5 24. Bf3 Rb8 25. b4 bxc4 26. Be2 Rxb4 27. Ra1
Rh4 28. g3 Bb7+ 29. Bf3 Bxf3+ 30. Rxf3 Rh6 31. Rxa6 Rb1+ 32. Kg2 Rb2+ 33. Kf1
Rhxh2 34. Ra8+ Ke7 35. Rf2 Rb1+ 36. Ke2 Rxf2# 0-1

[Event "only fast and now!"]
[Site "http://www.queenalice.com/game.php?id=660070"]
[Date "2009.9.29"]
[Round "-"]
[White "acauaferreira"]
[Black "ernesto_che"]
[Result "0-1"]
[WhiteElo "1279"]
[BlackElo "1198"]

1. e4 d5 2. e5 d4 3. f4 Nc6 4. Nf3 Bf5 5. g3 Nb4 6. c3 dxc3 7. dxc3 Nc2+ 8. Kf2
Qxd1 9. Nbd2 Nxa1 10. Bg2 Qa4 11. b3 Qxa2 12. b4 Nh6 13. Nd4 Ng4+ 14. Kf3 Qd5+
15. Ne4 Qxe4# 0-1

[Event "Challenge"]
[Site "http://www.queenalice.com/game.php?id=660676"]
[Date "2009.9.30"]
[Round "-"]
[White "acauaferreira"]
[Black "thedead"]
[Result "0-1"]
[WhiteElo "1199"]
[BlackElo "1530"]

1. d4 d5 2. a4 e6 3. Bd2 Nf6 4. e3 c5 5. c3 Nc6 6. c4 Qb6 7. a5 Qxb2 8. Nc3 cxd4
9. Rb1 Qa3 10. Nb5 Qe7 11. exd4 a6 12. cxd5 exd5+ 13. Be2 axb5 14. Rxb5 Nxd4 15.
Nf3 Nxb5 16. Qa4 Bd7 17. O-O Nc3 18. Qd4 Nxe2+ 19. Kh1 Nxd4 20. Nxd4 Qd6 0-1